000 00258nam a22001217a 4500
008 181012b xxu||||| |||| 00| 0 eng d
041 _aeng
080 _29th
_a159.9
100 _a49
101 _aPSI
245 _aPsychology
_cLefton, L.A
942 _2udc
_cBK
999 _c49570
_d49570